00989nab a22002057a 4500999001500000003000400015005001700019008004100036040000700077100003000084245006100114300001300175505033300188505007200521650002000593650002600613650002300639773010800662942001300770 c5808d5808OSt20260106223911.0190514b xxu||||| |||| 00| 0 spa d cPJ 91002aPagano, Luz María10aViolencia institucional y salud mental /cLuz M. Pagano. ap. 16-27 aSumario: I. Introducción.— II. Rasgos comunes a toda persona con discapacidad psicosocial en situación de encierro.— III. Violencia institucional.— IV. De violencias, microviolencias y “bromas”.— V. Violencia de género.— VI. Violencia institucional en la niñez y adolescencia.— VII. Algunas conclusiones. tSi te interesa el texto, comunicate a koha@justierradelfuego.gov.ar 092584aVIOLENCIA 09614aDERECHOS HUMANOS 091272aSALUD MENTAL0 0284493222dBuenos Aires : AbeledoPerrot, 1989-tDerecho de familia. N° 117 - Noviembre 2024z18511201 2udccANA